[Event "Belgrade Trophy 30th"]
[Site "Belgrade"]
[Date "2016.12.02"]
[Round "9"]
[White "Medancic, Rikard"]
[Black "Petkovic, Slobodan"]
[Result "1/2-1/2"]
[WhiteElo "2270"]
[BlackElo "2020"]
[PlyCount "37"]
[EventDate "2016.11.24"]
[EventType "swiss"]
[EventRounds "9"]
[EventCountry "SRB"]
[SourceTitle "EXT 2018"]
[Source "ChessBase"]
[SourceDate "2017.10.13"]
[SourceVersion "1"]
[SourceVersionDate "2017.10.13"]
[SourceQuality "1"]

1. Nf3 d5 2. g3 Nf6 3. Bg2 g6 4. b3 Bg7 5. Bb2 0-0 6. d3 c6 7. 0-0 Bg4 8. Nbd2 Bxf3 9. Bxf3 Nbd7 10. e4 e5 11. exd5 cxd5 12. c4 Nc5 13. Qc2 Nxd3 14. Qxd3 e4 15. Qe2 exf3 16. Qxf3 dxc4 17. Nxc4 Qd5 18. Kg2 Qxf3+ 19. Kxf3 1/2-1/2

[Event "Belgrade Trophy 30th"]
[Site "Belgrade"]
[Date "2016.12.01"]
[Round "8"]
[White "Petkovic, Slobodan"]
[Black "Illijin, Neboisa"]
[Result "1-0"]
[WhiteElo "2020"]
[BlackElo "2176"]
[PlyCount "39"]
[EventDate "2016.11.24"]
[EventType "swiss"]
[EventRounds "9"]
[EventCountry "SRB"]
[SourceTitle "CBM 175 Extra"]
[Source "ChessBase"]
[SourceDate "2016.12.12"]
[SourceVersion "1"]
[SourceVersionDate "2016.12.12"]
[SourceQuality "1"]

1. d4 Nf6 2. Nf3 e6 3. c4 d5 4. Nc3 Bb4 5. a3 Bxc3+ 6. bxc3 0-0 7. Bg5 c5 8. Bxf6 Qxf6 9. e3 dxc4 10. Bxc4 Nc6 11. 0-0 Na5 12. Bd3 Rd8 13. Ne5 h6 14. f4 Qe7 15. Qh5 cxd4 16. cxd4 Nc6 17. Rf3 f6 18. Ng6 Qf7 19. g4 Kh7 20. Ne5+ 1-0

[Event "Belgrade Trophy 30th"]
[Site "Belgrade"]
[Date "2016.11.28"]
[Round "5"]
[White "Konstantinov, Aleksandar1"]
[Black "Petkovic, Slobodan"]
[Result "1-0"]
[WhiteElo "2264"]
[BlackElo "2020"]
[PlyCount "41"]
[EventDate "2016.11.24"]
[EventType "swiss"]
[EventRounds "9"]
[EventCountry "SRB"]
[SourceTitle "CBM 175 Extra"]
[Source "ChessBase"]
[SourceDate "2016.12.12"]
[SourceVersion "1"]
[SourceVersionDate "2016.12.12"]
[SourceQuality "1"]

1. d4 d5 2. c4 c6 3. cxd5 cxd5 4. Bf4 Nf6 5. Nc3 a6 6. e3 e6 7. Bd3 Bd6 8. Bxd6 Qxd6 9. f4 Nc6 10. Nf3 Nb4 11. Bb1 Bd7 12. a3 Nc6 13. 0-0 Na5 14. Ne5 Nc4 15. Qe2 Rc8 16. g4 h5 17. g5 Ng8 18. g6 Nh6 19. gxf7+ Kd8 20. Ng6 Nxf7 21. Nxh8 1-0

[Event "Belgrade Trophy 30th"]
[Site "Belgrade"]
[Date "2016.11.24"]
[Round "1"]
[White "Pap, Misa"]
[Black "Petkovic, Slobodan"]
[Result "1-0"]
[WhiteElo "2489"]
[BlackElo "2020"]
[PlyCount "103"]
[EventDate "2016.11.24"]
[EventType "swiss"]
[EventRounds "9"]
[EventCountry "SRB"]
[SourceTitle "CBM 175 Extra"]
[Source "ChessBase"]
[SourceDate "2016.12.12"]
[SourceVersion "1"]
[SourceVersionDate "2016.12.12"]
[SourceQuality "1"]

1. e4 e6 2. d4 d5 3. exd5 exd5 4. c4 Nf6 5. Nc3 c6 6. Bd3 Be7 7. Nge2 0-0 8. 0-0 dxc4 9. Bxc4 Nbd7 10. Bb3 Nb6 11. Nf4 Bf5 12. h3 h6 13. Be3 Nbd5 14. Bxd5 Nxd5 15. Ncxd5 cxd5 16. Qb3 b6 17. Qxd5 Qxd5 18. Nxd5 Bd6 19. Bf4 Bxf4 20. Nxf4 Rfd8 21. Rfd1 Rac8 22. Rd2 Rd6 23. Rad1 Rc4 24. Ne2 f6 25. f3 g5 26. Kf2 Kf7 27. Ke3 Re6+ 28. Kf2 Rd6 29. h4 Bd7 30. hxg5 hxg5 31. Nc3 f5 32. Rd3 Rc8 33. R3d2 Rc4 34. Ne2 Rc8 35. Rh1 Kg6 36. Rc1 Rdc6 37. Rxc6+ Rxc6 38. Nc3 Rc4 39. Ke2 Rc7 40. Kd3 f4 41. d5 Kf6 42. Kd4 b5 43. Ne4+ Kf5 44. Nc5 Be8 45. d6 Rh7 46. Kd5 b4 47. Re2 Bb5 48. Re5+ Kf6 49. Ne4+ Kg6 50. Rxg5+ Kh6 51. Rg4 Rf7 52. Ke5 1-0

[Event "Belgrade Trophy 29th"]
[Site "Belgrade"]
[Date "2015.11.29"]
[Round "6"]
[White "Petkovic, Slobodan"]
[Black "Svicevic, Rastko"]
[Result "0-1"]
[WhiteElo "2070"]
[BlackElo "2265"]
[PlyCount "58"]
[EventDate "2015.11.24"]
[EventType "swiss"]
[EventRounds "9"]
[EventCountry "SRB"]
[SourceTitle "CBM 170 Extra"]
[Source "ChessBase"]
[SourceDate "2016.02.25"]
[SourceVersion "1"]
[SourceVersionDate "2016.02.25"]
[SourceQuality "1"]

1. d4 f5 2. c4 Nf6 3. Nc3 e6 4. Bg5 c6 5. a3 d5 6. Nf3 Be7 7. Bxf6 Bxf6 8. Ne5 Bxe5 9. dxe5 d4 10. Na2 Qa5+ 11. b4 Qxe5 12. Qd3 0-0 13. 0-0-0 c5 14. g3 a5 15. bxc5 Nc6 16. Bg2 Qxc5 17. f4 Ra6 18. Rd2 b5 19. Rc2 b4 20. a4 Rb6 21. Qb3 d3 22. Rd2 dxe2 23. Re1 Nd4 24. Qe3 b3 25. Nc3 b2+ 26. Kb1 Qa3 27. Qxd4 Qa1+ 28. Kc2 Qxe1 29. Rxe2 b1Q+ 0-1

[Event "Belgrade Winter op"]
[Site "Belgrade"]
[Date "2011.01.25"]
[Round "4"]
[White "Petkovic, Slobodan"]
[Black "Indjic, Aleksandar"]
[Result "0-1"]
[WhiteElo "2115"]
[BlackElo "2293"]
[PlyCount "100"]
[EventDate "2011.01.22"]
[EventType "swiss"]
[EventRounds "9"]
[EventCountry "SRB"]
[SourceTitle "CBM 140 Extra"]
[Source "ChessBase"]
[SourceDate "2011.03.01"]
[SourceVersion "1"]
[SourceVersionDate "2011.03.01"]
[SourceQuality "1"]

1. e4 d6 2. d4 Nf6 3. Nc3 g6 4. h3 Bg7 5. Nf3 0-0 6. Bd3 a6 7. a4 Nc6 8. Be3 e5 9. d5 Nb4 10. Be2 c6 11. dxc6 bxc6 12. a5 Qe7 13. 0-0 d5 14. exd5 cxd5 15. Na4 d4 16. Bg5 Bf5 17. c3 dxc3 18. bxc3 Rfd8 19. Qb3 Nd3 20. Nb6 Rab8 21. Rfd1 h6 22. Be3 Nd5 23. Nxd5 Qe6 24. Nf6+ Qxf6 25. Bb6 Rd6 26. Qc4 Rc6 27. Qxa6 e4 28. Qa7 Re8 29. Bd4 exf3 30. Bxf6 fxe2 31. Bxg7 exd1Q+ 32. Rxd1 Kxg7 33. Rxd3 Bxd3 34. Qd4+ Kg8 35. Qxd3 Rec8 36. a6 Rxc3 37. Qd2 h5 38. Qg5 Ra3 39. Qf6 Ra8 40. a7 R3xa7 41. Kh2 Ra6 42. Qe7 Re6 43. Qb7 Ra2 44. Kg3 Ree2 45. Kh4 Rxf2 46. g4 hxg4 47. hxg4 Ra4 48. Qb8+ Kh7 49. Qf8 Rf3 50. Kg5 Ra5+ 0-1

[Event "Belgrade Winter op"]
[Site "Belgrade"]
[Date "2011.01.23"]
[Round "2"]
[White "Petkovic, Slobodan"]
[Black "Popovic, Aleksandar M"]
[Result "0-1"]
[WhiteElo "2115"]
[BlackElo "2299"]
[PlyCount "102"]
[EventDate "2011.01.22"]
[EventType "swiss"]
[EventRounds "9"]
[EventCountry "SRB"]
[SourceTitle "CBM 140 Extra"]
[Source "ChessBase"]
[SourceDate "2011.03.01"]
[SourceVersion "1"]
[SourceVersionDate "2011.03.01"]
[SourceQuality "1"]

1. d4 Nf6 2. c4 g6 3. Nc3 Bg7 4. e4 d6 5. Nf3 0-0 6. Bd3 Bg4 7. h3 Bxf3 8. Qxf3 Nc6 9. Be3 e5 10. d5 Nd4 11. Qd1 Nh5 12. Ne2 f5 13. Bxd4 fxe4 14. Bxe4 exd4 15. 0-0 Qh4 16. Qd3 Be5 17. Rab1 Rf7 18. Nxd4 Nf4 19. Nf3 Nxd3 20. Nxh4 Nxb2 21. Nf3 Bf6 22. Rfc1 Re8 23. Bc2 Re2 24. Bb3 b6 25. Re1 Rfe7 26. Rxe2 Rxe2 27. Re1 Rxe1+ 28. Nxe1 a5 29. a4 Bc3 30. Nf3 Kf8 31. Ng5 h6 32. Ne6+ Ke7 33. Nxc7 Kf6 34. Nb5 Bb4 35. Kf1 Ke5 36. Ke2 g5 37. f3 h5 38. g4 h4 39. Nc7 Kd4 40. Ne6+ Kc3 41. Ba2 Nxa4 42. Nxg5 Kb2 43. f4 Kxa2 44. f5 Nc5 45. Ne6 Kb2 46. g5 a4 47. f6 Nd7 48. f7 a3 49. Nd4 a2 50. g6 a1Q 51. g7 Qe1+ 0-1

[Event "SRB-chT quality"]
[Site "Belgrade"]
[Date "2010.10.24"]
[Round "6"]
[White "Pribicevic, Stefan"]
[Black "Petkovic, Slobodan"]
[Result "1/2-1/2"]
[WhiteElo "1804"]
[BlackElo "2108"]
[PlyCount "147"]
[EventDate "2010.10.09"]
[EventType "team-tourn"]
[EventRounds "11"]
[EventCountry "YUG"]
[SourceTitle "EXT 2011"]
[Source "ChessBase"]
[SourceDate "2010.11.26"]
[SourceVersion "1"]
[SourceVersionDate "2010.11.26"]
[SourceQuality "1"]

1. e4 e6 2. d4 d5 3. Nd2 Nf6 4. e5 Nfd7 5. Bd3 c5 6. c3 Nc6 7. Ngf3 Qb6 8. 0-0 cxd4 9. cxd4 Nxd4 10. Nxd4 Qxd4 11. Nf3 Qb6 12. Qa4 Qb4 13. Qc2 h6 14. Bd2 Qb6 15. Rac1 Be7 16. Qa4 h5 17. Bb5 Qd8 18. Ba5 b6 19. Bxb6 Qxb6 20. Rxc8+ Rxc8 21. Bxd7+ Kd8 22. Bxc8 Kxc8 23. Rc1+ Kb8 24. Rc3 Rc8 25. Rxc8+ Kxc8 26. Qe8+ Bd8 27. Qxf7 Kb8 28. Qd7 Qc7 29. Qb5+ Kc8 30. h3 g5 31. g4 hxg4 32. hxg4 Qd7 33. Qa6+ Kb8 34. Qa3 Be7 35. Qa6 Bd8 36. Qa3 Be7 37. Qe3 Qa4 38. Qb3+ Qxb3 39. axb3 Kc7 40. Kf1 Kc6 41. Ke2 a5 42. Kd3 Bd8 43. Kc3 Be7 44. Nd4+ Kd7 45. Nc2 Bd8 46. Nd4 Be7 47. Ne2 Bd8 48. Nd4 Be7 49. Kd3 Bd8 50. Nb5 Kc6 51. Nd6 Be7 52. Ne8 Bc5 53. f3 Be7 54. Ng7 Kd7 55. Kd4 Bd8 56. Kc5 Bc7 57. Kd4 Bb6+ 58. Kd3 Bc5 59. Nh5 Be7 60. f4 gxf4 61. Nxf4 Bg5 62. Nh3 Bc1 63. Kc2 Be3 64. Kd3 Bc5 65. g5 Bf8 66. Nf4 Ke7 67. g6 Bh6 68. Nh5 Bc1 69. Kc2 Bg5 70. Kc3 Bc1 71. g7 Kf7 72. Kc2 Bh6 73. Kc3 Bc1 74. Kc2 1/2-1/2

[Event "SRB-chT quality"]
[Site "Belgrade"]
[Date "2010.10.17"]
[Round "4"]
[White "Gavric, Zivojin"]
[Black "Petkovic, Slobodan"]
[Result "1/2-1/2"]
[WhiteElo "2137"]
[BlackElo "2108"]
[PlyCount "119"]
[EventDate "2010.10.09"]
[EventType "team-tourn"]
[EventRounds "11"]
[EventCountry "YUG"]
[SourceTitle "EXT 2011"]
[Source "ChessBase"]
[SourceDate "2010.11.26"]
[SourceVersion "1"]
[SourceVersionDate "2010.11.26"]
[SourceQuality "1"]

1. e4 e6 2. d3 d5 3. Nd2 Nf6 4. e5 Nfd7 5. d4 c5 6. c3 Nc6 7. Ne2 Qb6 8. Nf3 Be7 9. g3 0-0 10. Bg2 cxd4 11. cxd4 f6 12. exf6 Bb4+ 13. Bd2 Bxd2+ 14. Qxd2 Nxf6 15. Ng5 h6 16. Nh3 Qb4 17. Nhf4 Ng4 18. Rd1 g5 19. Nd3 Qxd2+ 20. Rxd2 b6 21. 0-0 Bd7 22. h3 Nf6 23. Rc1 Rac8 24. Rdc2 Ne7 25. Ne5 Rxc2 26. Rxc2 Rc8 27. Rxc8+ Bxc8 28. f4 Ba6 29. fxg5 hxg5 30. Nc3 Kg7 31. g4 Ne8 32. b4 Nd6 33. Bf1 Bxf1 34. Kxf1 Nc4 35. Nf3 Kf6 36. Kf2 e5 37. dxe5+ Nxe5 38. Ne1 Ke6 39. Kg3 a5 40. bxa5 bxa5 41. Ne2 N5c6 42. Nf3 Kf6 43. a3 Ne5 44. Nfd4 Nc4 45. a4 Nd2 46. Nc3 Ke5 47. Ncb5 Ne4+ 48. Kg2 Nc5 49. Nf3+ Kf4 50. Nc3 Ke3 51. Nxg5 d4 52. Nd1+ Ke2 53. Nb2 d3 54. Nf3 Nd5 55. h4 Ne4 56. Nd4+ Ke3 57. Nb3 d2 58. Nc4+ Kf4 59. Nbxd2 Nxd2 60. Nxa5 1/2-1/2

[Event "Belgrade-ch"]
[Site "Belgrade"]
[Date "2009.01.31"]
[Round "8"]
[White "Petkovic, Slobodan"]
[Black "Vucinic, Gojko"]
[Result "1-0"]
[WhiteElo "2093"]
[BlackElo "1966"]
[PlyCount "106"]
[EventDate "2009.01.24"]
[EventType "swiss"]
[EventRounds "9"]
[EventCountry "YUG"]
[SourceTitle "CBM 128 Extra"]
[Source "ChessBase"]
[SourceDate "2009.03.05"]
[SourceVersion "2"]
[SourceVersionDate "2009.03.25"]
[SourceQuality "1"]

1. d4 Nf6 2. c4 c5 3. Nf3 cxd4 4. Nxd4 e5 5. Nb3 d5 6. cxd5 Qxd5 7. Qxd5 Nxd5 8. e4 Nc7 9. Bc4 Bb4+ 10. Bd2 Bxd2+ 11. N1xd2 Be6 12. Rc1 Nc6 13. Nc5 Bxc4 14. Nxc4 0-0-0 15. 0-0 b6 16. Nb3 Kb7 17. Rcd1 Ne6 18. Nd6+ Kc7 19. Nxf7 Rxd1 20. Rxd1 Rf8 21. Nd6 Rd8 22. Nb5+ Kc8 23. Rxd8+ Kxd8 24. a3 Nf4 25. Nc1 a6 26. Nc3 Na5 27. g3 Ne6 28. Nd3 Nc6 29. f3 Kd7 30. Nd5 b5 31. Kf2 Kd6 32. Ne3 g6 33. f4 Nc5 34. Nxc5 Kxc5 35. Ng4 exf4 36. gxf4 Kd4 37. Kf3 Na5 38. Ne3 Nb3 39. Nc2+ Kd3 40. Nb4+ Kd4 41. e5 a5 42. e6 Nd2+ 43. Kg4 Ne4 44. Nc6+ Kd5 45. Nxa5 Kxe6 46. Nc6 Kd5 47. Na7 Kc5 48. f5 Kb6 49. Nxb5 Kxb5 50. fxg6 hxg6 51. Kf4 Nd6 52. Kg5 Kc6 53. Kxg6 Kd7 1-0

[Event "Belgrade-ch"]
[Site "Belgrade"]
[Date "2009.01.29"]
[Round "6"]
[White "Petkovic, Slobodan"]
[Black "Kocic, Sasa"]
[Result "0-1"]
[WhiteElo "2093"]
[BlackElo "2243"]
[PlyCount "76"]
[EventDate "2009.01.24"]
[EventType "swiss"]
[EventRounds "9"]
[EventCountry "YUG"]
[SourceTitle "CBM 128 Extra"]
[Source "ChessBase"]
[SourceDate "2009.03.05"]
[SourceVersion "2"]
[SourceVersionDate "2009.03.25"]
[SourceQuality "1"]

1. e4 c5 2. Nf3 d6 3. d4 cxd4 4. Nxd4 Nf6 5. Nc3 a6 6. a4 e6 7. Be2 Be7 8. Be3 0-0 9. 0-0 Nc6 10. Nb3 b6 11. f4 Bb7 12. Bf3 Qc7 13. Qe1 Na5 14. Nxa5 bxa5 15. Rd1 Nd7 16. Qd2 Nb6 17. Bf2 Rfe8 18. Rb1 Bf6 19. Bd4 e5 20. fxe5 dxe5 21. Bxb6 Qxb6+ 22. Qf2 Qb4 23. Qg3 Rad8 24. Bh5 Qb6+ 25. Kh1 Rd2 26. Rbd1 Red8 27. h3 R8d4 28. Rxd2 Rxd2 29. Qg4 g6 30. Qf3 Kg7 31. Qg3 Rxc2 32. Nd5 Bxd5 33. exd5 Qxb2 34. Bf3 Rc1 35. Bd1 Qd4 36. Qf3 e4 37. Qe2 Qxd5 38. Rxf6 Qxd1+ 0-1

[Event "Belgrade Trophy 21st"]
[Site "Obrenovac"]
[Date "2008.12.01"]
[Round "5"]
[White "Branovacki, Goran T"]
[Black "Petkovic, Slobodan"]
[Result "0-1"]
[WhiteElo "1930"]
[BlackElo "2084"]
[PlyCount "132"]
[EventDate "2008.11.27"]
[EventType "swiss"]
[EventRounds "9"]
[EventCountry "YUG"]
[SourceTitle "CBM 127 Extra"]
[Source "ChessBase"]
[SourceDate "2009.01.08"]
[SourceVersion "2"]
[SourceVersionDate "2009.01.28"]
[SourceQuality "1"]

1. e4 e6 2. d4 d5 3. exd5 exd5 4. Nf3 Bf5 5. Be2 Bd6 6. 0-0 Nf6 7. Bg5 Nbd7 8. Re1 0-0 9. Nbd2 c6 10. Nf1 h6 11. Bh4 Qc7 12. Bg3 Ne4 13. Bxd6 Qxd6 14. c3 Bh7 15. N3d2 f5 16. f3 Nxd2 17. Qxd2 f4 18. Bd3 Bf5 19. Re2 Bxd3 20. Qxd3 Rae8 21. Rae1 Rxe2 22. Rxe2 Rf6 23. Re8+ Kf7 24. Re2 g6 25. Nd2 Re6 26. Kf2 Qe7 27. Rxe6 Qxe6 28. g4 Qf6 29. Kg2 Qe7 30. Kf2 Qh4+ 31. Kg2 Qe1 32. Nf1 Qe7 33. a3 Nb6 34. Qd2 Qd6 35. b3 Nc8 36. a4 Ne7 37. Qc1 g5 38. Qd1 Ng6 39. h3 Kg7 40. Kf2 Qa3 41. Qc2 Nh4 42. Qe2 Kf7 43. Qc2 Kf8 44. Nd2 Qe7 45. Qd3 Kg7 46. c4 Ng6 47. Nf1 Qe6 48. cxd5 Qxd5 49. Ke2 Qe6+ 50. Kd2 Ne7 51. Kc2 Nd5 52. Kb2 Qe1 53. Qb1 Qc3+ 54. Ka3 Qb4+ 55. Kb2 Qxd4+ 56. Ka3 Qb4+ 57. Ka2 Qc3 58. Ka3 Qxf3 59. Nd2 Qe3 60. Ne4 Qd4 61. Qe1 Ne3 62. Qb1 b5 63. axb5 cxb5 64. Nf2 Nd5 65. Nd1 b4+ 66. Ka2 Qxd1 0-1

[Event "Boskovic Memorial op 7th"]
[Site "Belgrade"]
[Date "2006.10.02"]
[Round "1"]
[White "Petkovic, Slobodan"]
[Black "Vasiukov, Evgeni"]
[Result "1/2-1/2"]
[WhiteElo "2105"]
[BlackElo "2502"]
[PlyCount "49"]
[EventDate "2006.10.02"]
[EventType "swiss"]
[EventRounds "9"]
[EventCountry "YUG"]
[SourceTitle "CBM 114 Extra"]
[Source "ChessBase"]
[SourceDate "2006.11.03"]
[SourceVersion "1"]
[SourceVersionDate "2006.11.03"]
[SourceQuality "1"]

1. d4 Nf6 2. c4 c5 3. Nf3 cxd4 4. Nxd4 e5 5. Nf3 e4 6. Nd4 d5 7. e3 Bc5 8. Nb3 Bd6 9. cxd5 0-0 10. Nc3 Nbd7 11. Be2 Nb6 12. 0-0 Qc7 13. h3 Qe7 14. Nb5 Rd8 15. Nxd6 Rxd6 16. Nd4 Nfxd5 17. Bg4 Bxg4 18. Qxg4 Rg6 19. Qe2 Re8 20. Bd2 a6 21. Rac1 Nd7 22. Rc2 Ne5 23. f4 exf3 24. Nxf3 Nxf3+ 25. Qxf3 1/2-1/2

[Event "Belgrade tt Cup"]
[Site "Belgrade"]
[Date "2003.04.05"]
[Round "2"]
[White "Petkovic, Slobodan"]
[Black "Jovanovic, Zoran"]
[Result "0-1"]
[WhiteElo "2101"]
[BlackElo "2308"]
[PlyCount "74"]
[EventDate "2003.04.04"]
[EventType "team-tourn"]
[EventRounds "5"]
[EventCountry "YUG"]
[SourceTitle "CBM 093 Extra"]
[Source "ChessBase"]
[SourceDate "2003.05.09"]
[SourceVersion "1"]
[SourceVersionDate "2003.05.09"]
[SourceQuality "1"]

1. e4 e5 2. Nf3 Nc6 3. Bb5 a6 4. Ba4 Nf6 5. 0-0 b5 6. Bb3 Bc5 7. Nxe5 Nxe5 8. d4 Bxd4 9. Qxd4 d6 10. c3 c5 11. Qe3 0-0 12. f3 Bb7 13. Qe2 Re8 14. Bg5 h6 15. Bh4 Ng6 16. Bxf6 Qxf6 17. Qf2 Nf4 18. Bc2 b4 19. Kh1 c4 20. Qd4 Qxd4 21. cxd4 d5 22. e5 f6 23. g3 Ne2 24. Bg6 Nxd4 25. Bxe8 Rxe8 26. Nd2 fxe5 27. Rae1 a5 28. Rf2 a4 29. Nf1 Nf5 30. Rfe2 e4 31. fxe4 d4 32. Kg1 d3 33. Rf2 Nd4 34. Nd2 c3 35. bxc3 bxc3 36. Nc4 d2 37. Ra1 Rxe4 0-1